Estadísticas para Mapamundi roto - selección de azulejos

Haz click aquí para intentar la prueba.

Estadísticas generales

  • Esta prueba ha sido intentada 1.451 veces
  • La puntuación promedio es 58 de 80

Estadísticas de respuestas

PreguntaAzulejoSelect% Correcto
que contengan un país con una población mayor que mil millones.No
98%
que contengan un país con una población mayor que mil millones.No
98%
que contengan un país con una población mayor que mil millones.No
97%
que contengan un país con una población mayor que mil millones.No
96%
que contengan un país con una población mayor que mil millones.No
93%
que contengan un país con una población mayor que mil millones.
93%
que contengan un país con una población mayor que mil millones.No
92%
con 3 países o menos.No
91%
que contengan un país con una población mayor que mil millones.No
91%
con 3 países o menos.No
91%
con 3 países o menos.No
91%
con 3 países o menos.No
91%
con 3 países o menos.No
91%
con 3 países o menos.No
91%
que contengan un país que empieza con R.No
91%
que contengan un país que empieza con R.No
91%
con 3 países o menos.No
90%
que contengan un país que empieza con R.No
90%
con 3 países o menos.No
90%
con 3 países o menos.No
90%
que contengan un país que empieza con R.No
90%
que contengan un país que empieza con R.No
89%
que contengan un país que empieza con R.No
89%
con 3 países o menos.No
89%
que contengan un país con una población mayor que mil millones.No
89%
con 3 países o menos.No
88%
que contengan un territorio británico (se incluyen los de ultramar).No
87%
que contengan un país que empieza con R.
87%
que contengan un país que empieza con R.No
87%
que contengan un país que empieza con R.No
87%
que contengan un país que empieza con R.No
87%
que contengan un territorio británico (se incluyen los de ultramar).No
85%
con un país sin litoral.No
84%
que contengan un territorio británico (se incluyen los de ultramar).No
83%
con un país sin litoral.No
83%
que contengan un país con una población mayor que mil millones.
83%
con 3 países o menos.
83%
con un país sin litoral.No
83%
con un país sin litoral.No
82%
con un país sin litoral.No
82%
que contengan un país con una población mayor que mil millones.No
82%
con un país sin litoral.No
81%
que contengan un territorio británico (se incluyen los de ultramar).No
81%
que contengan un territorio británico (se incluyen los de ultramar).No
81%
que contengan un país con una población mayor que mil millones.No
80%
que contengan un territorio británico (se incluyen los de ultramar).
79%
que contengan un territorio británico (se incluyen los de ultramar).No
78%
que contengan un país que empieza con R.
76%
que contengan un país que empieza con R.
75%
con un país sin litoral.
73%
con 3 países o menos.
73%
con un país sin litoral.
72%
con un país sin litoral.
72%
que contengan un país con una población mayor que mil millones.No
71%
que contengan un territorio británico (se incluyen los de ultramar).No
70%
con un país sin litoral.
68%
con 3 países o menos.No
68%
con un país sin litoral.
67%
que contengan un país con una población mayor que mil millones.
61%
que contengan un territorio británico (se incluyen los de ultramar).
60%
que contengan un país con una población mayor que mil millones.
59%
con 3 países o menos.No
56%
con un país sin litoral.
55%
con un país sin litoral.
52%
con un país sin litoral.
49%
que contengan un territorio británico (se incluyen los de ultramar).
48%
con un país sin litoral.
47%
con un país sin litoral.
47%
con 3 países o menos.
42%
que contengan un país que empieza con R.
40%
que contengan un territorio británico (se incluyen los de ultramar).
39%
que contengan un país con una población mayor que mil millones.
38%
que contengan un país que empieza con R.
38%
que contengan un país que empieza con R.
31%
que contengan un territorio británico (se incluyen los de ultramar).No
30%
que contengan un territorio británico (se incluyen los de ultramar).
21%
que contengan un territorio británico (se incluyen los de ultramar).
21%
que contengan un territorio británico (se incluyen los de ultramar).
18%
que contengan un territorio británico (se incluyen los de ultramar).
14%
que contengan un país que empieza con R.
11%

Distribución de puntuación

Porcentaje por número respondido

Porcentaje de gente con cada puntuación

Historial de tus puntuaciones

No has intentado esta prueba.